000 00895nam0a22002651 4500
001 rc\4332840
005 20130416133435.1
021 _aRU
_b[58-16091]
035 _a(NLR Aleph) 008518890
090 _a8215787
_c8215787
100 _a20130416d1958 |||y0rusy50 ca
101 1 _arus
_clav
102 _aRU
105 _ay z |||a|
200 1 _aПлата за свободу
_eДрама в 1 д.
_fПер. Е. Гаселя
_gДом нар. творчества им. Э. Мелнгайлиса
210 _a[Рига]
_cБ. и.
_d1958
215 _a16 с.
_d20
606 _aТеатральная самодеятельность
_xРепертуар
_2psbo
700 1 _aГрундмане
_bВ. П.
_f1923-
_gВалия Петровна
702 1 _aГасель
_bЕ.
_4730
801 0 _aRU
_bNLR
_gpsbo
801 1 _aRU
_bELAR
_2rusmarc
852 _aNLR
_j58-4/5205
942 _cBOOK
980 _aNB